[Event "Rennes op 2nd"]
[Site "Rennes"]
[Date "2009.07.21"]
[Round "7"]
[White "Deceneux, Christophe"]
[Black "Tounsi, Toufik"]
[Result "1-0"]
[WhiteElo "1499"]
[BlackElo "1690"]
[PlyCount "99"]
[EventDate "2009.07.15"]
[EventType "swiss"]
[EventRounds "9"]
[EventCountry "FRA"]
[SourceTitle "EXT 2011"]
[Source "ChessBase"]
[SourceDate "2010.11.26"]
[SourceVersion "1"]
[SourceVersionDate "2010.11.26"]
[SourceQuality "1"]

1. d4 Nf6 2. c4 e6 3. Nf3 Bb4+ 4. Bd2 Qe7 5. a3 Bxd2+ 6. Nbxd2 d5 7. e3 c6 8. Rc1 a5 9. Bd3 Nbd7 10. Qc2 e5 11. cxd5 cxd5 12. Qxc8+ Rxc8 13. Rxc8+ Qd8 14. Rxd8+ Kxd8 15. Nxe5 Nxe5 16. dxe5 Ng4 17. Nf3 f6 18. exf6 Nxf6 19. Nd4 g6 20. Ke2 Kd7 21. Rc1 Rf8 22. f3 Ng8 23. Rc5 Ne7 24. Rxa5 Rc8 25. Rb5 Rc7 26. b4 Nc6 27. Rxd5+ Kc8 28. Rc5 Kd7 29. Nxc6 bxc6 30. Be4 Ra7 31. Bxc6+ Kd6 32. a4 g5 33. Bb5 g4 34. fxg4 Rg7 35. Kf3 h6 36. Rc6+ Ke5 37. Rxh6 Rf7+ 38. Kg3 Ke4 39. Re6+ Kd5 40. a5 Rb7 41. Rb6 Re7 42. Kf2 Ke4 43. a6 Rf7+ 44. Ke2 Rc7 45. Bd3+ Ke5 46. Rb7 Rc3 47. a7 Ra3 48. b5 Ra2+ 49. Kf3 Ra3 50. b6 1-0

[Event "Rennes op 2nd"]
[Site "Rennes"]
[Date "2009.07.15"]
[Round "1"]
[White "Doucin, Paul"]
[Black "Deceneux, Christophe"]
[Result "0-1"]
[WhiteElo "1705"]
[BlackElo "1499"]
[PlyCount "80"]
[EventDate "2009.07.15"]
[EventType "swiss"]
[EventRounds "9"]
[EventCountry "FRA"]
[SourceTitle "EXT 2011"]
[Source "ChessBase"]
[SourceDate "2010.11.26"]
[SourceVersion "1"]
[SourceVersionDate "2010.11.26"]
[SourceQuality "1"]

1. e4 d5 2. exd5 Nf6 3. c4 c6 4. Nc3 cxd5 5. cxd5 Nxd5 6. Nf3 Nxc3 7. bxc3 g6 8. d4 Bg7 9. Be2 0-0 10. 0-0 a6 11. Re1 b5 12. Ba3 Bb7 13. Nd2 Re8 14. Nb3 Nd7 15. Bf3 Bxf3 16. Qxf3 e5 17. h3 exd4 18. cxd4 Nb6 19. Rad1 Rc8 20. Re4 Nc4 21. Bc1 a5 22. Rde1 Rxe4 23. Qxe4 a4 24. Nd2 Qxd4 25. Qb7 Rf8 26. Nf3 Qb6 27. Qe4 Nd6 28. Qd3 b4 29. Be3 Qc6 30. Rc1 Bc3 31. Bd4 Qe4 32. Qa6 Bxd4 33. Qxd6 Bc3 34. Qd1 Ra8 35. Rc2 b3 36. Rxc3 b2 37. Nd2 Rd8 38. Qc2 Qxc2 39. Rxc2 Rxd2 40. Rc8+ Kg7 0-1